Missing Word: Oscar E's Quiz Stats

 Plays Quiz Updated Apr 10, 2012

Support Sporcle.
Go Orange.
Score 0/32 Timer 04:00
3 Plays Today
Winner E Word % Correct
___ MachinaEx
97.8%
All About ___Eve
93.8%
The ___ Strikes BackEmpire
90.6%
Clint ___Eastwood
89%
Howards ___End
88.7%
Close ___ of the Third KindEncounters
87.4%
A Series of Unfortunate ___Events
86.1%
Terms of ___Endearment
85.6%
___ BegleyEd
82.9%
___ TaylorElizabeth
79.3%
The ___ PatientEnglish
77.3%
From Here to ___Eternity
76.6%
___ ThompsonEmma
76.5%
The ___ Roosevelt StoryEleanor
72.3%
___ Marie SaintEva
67.7%
___ BorgnineErnest
67.4%
Winner E Word % Correct
___ BurstynEllen
66.6%
The Last ___Emperor
47.5%
Great ___Expectations
47.2%
The Secret in Their ___Eyes
46.5%
___ KazanElia
44.1%
___ ParadeEaster
44.1%
___ GantryElmer
39.6%
___ JanningsEmil
37.5%
___ BarrymoreEthel
29.7%
The Good ___Earth
24.8%
Shanghai ___Express
16.9%
'I'm ___'Easy
16.3%
___ ParsonsEstelle
16.2%
___ GwennEdmund
16.2%
___ HeckartEileen
14.3%
___ O'BrienEdmond
8.4%

Today's Daily Dose

Missing Word
'80s Musicals

Word Ladder
Hereditary

Get the Picture
Food Names

From the Vault

MLB Players With 45 HR Seasons

by me111731

Sports 9m
Sure, hitting 50 home runs is great, but it takes a player who is not quite as good to hit 45.
Remove Ads.
Support Sporcle.
Get the best of Sporcle when you Go Orange. This ad-free experience offers more features, more stats, and more fun while also helping to support Sporcle. Thank you for becoming a member.

Show Comments

Extras

Top Quizzes Today


Score Distribution

Your Account Isn't Verified!

In order to create a playlist on Sporcle, you need to verify the email address you used during registration. Go to your Sporcle Settings to finish the process.

Report this User

Report this user for behavior that violates our Community Guidelines.

Details: